| 000 | 00815nam a22002777a 4500 | ||
|---|---|---|---|
| 001 | BR8702508 | ||
| 003 | BR-BrBNA | ||
| 005 | 20230928092509.0 | ||
| 007 | ta | ||
| 008 | 230509b bl.||||| |||| 00| 0 por d | ||
| 040 |
_aBR-BrBNA _bpor _cBiblioteca Nacional de Agricultura |
||
| 041 | _a(Por) | ||
| 072 |
_aF01; F30 _b0336 _b/G514 |
||
| 090 | _ 0336 BR8702508 | ||
| 100 | 1 | _aSediyama, T. | |
| 100 | 1 | _aPrado, W.M.B. (eds.) | |
| 110 | 1 | _aUniversidade Federal de Vicosa, MG (Brasil). Depto. de Fitotecnia | |
| 245 | 1 | _aDia de campo sobre a cultura da soja na fazenda Sucotrisa - ABC A P [Minas Gerais] | |
| 260 | 3 |
_aMonte Alegre de Minas, MG (Brasil): _c1986. |
|
| 300 | _a88 p. | ||
| 650 | _aSOJA | ||
| 650 | _aPLANTIO | ||
| 650 | _aVARIEDADE | ||
| 909 |
_a202309 _bLucia _c55 _dLucia Elande |
||
| 942 | _cBK | ||
| 999 |
_c39423 _d39423 |
||